Приближенный метод анализа переходных процессов в сложных линейных цепях

التفاصيل البيبلوغرافية
المؤلف الرئيسي: Ицхоки Я. С. Яков Семенович
اللغة:الروسية
منشور في: Москва, Советское радио, 1969
الموضوعات:
التنسيق: كتاب
KOHA link:https://koha.lib.tpu.ru/cgi-bin/koha/opac-detail.pl?biblionumber=107192

MARC

LEADER 00000nam0a2200000 4500
001 107192
005 20231031115212.0
035 |a (RuTPU)RU\TPU\book\115736 
090 |a 107192 
100 |a 20061220d1969 km y0rusy50 ca 
101 0 |a rus 
102 |a RU 
105 |a a z 001zy 
200 1 |a Приближенный метод анализа переходных процессов в сложных линейных цепях  |f Я. С. Ицхоки 
210 |a Москва  |c Советское радио  |d 1969 
215 |a 176 с.  |c ил. 
320 |a Библиогр.: с. 170-171. 
610 1 |a электротехника 
610 1 |a электрические цепи 
610 1 |a линейные цепи 
610 1 |a переходные процессы 
610 1 |a математические исследования 
610 1 |a приближенные методы 
610 1 |a анализ 
675 |a 621.3.011  |v 3 
700 1 |a Ицхоки  |b Я. С.  |g Яков Семенович 
801 1 |a RU  |b 63413507  |c 20061220  |g PSBO 
801 2 |a RU  |b 63413507  |c 20150525  |g PSBO 
942 |c BK